Регионална библиотека "Любен Каравелов" - Русе

Наръчник по основните етеричномаслени и лекарствени култури (Запис номер 186517)

MARC детайли
000 -Лидер
Контролно поле с фиксирана дължина 01681nam a2200349 c 4500
003 - Код на организацията, давaща контролен номер
Контролно поле BLK
005 - Дата и час на последна редакция
Контролно поле 20241129115529.0
008 - Елементи от данни с фиксирана дължина
fixed length control field 180411b bul|||||r ||||||| ||bul||
010 ## - Наследен системен номер
LC control number KNG00195512000
040 ## - Източник на каталожния запис
Идентификатор на билиотеката - собственик на записа BLK
041 ## - Код за език
Код за езика на текст/звукозапис или на отделно заглавие Български
Код за езика КДБФ Български
080 ## - УДК
Текстов определител УДК Етеричномаслени растения - Роза, жасмин, лавандула, розмарин, здравец, перуника и др.
УДК код - определител по УДК 633.81
УДК определител (035)
УДК - код + определител 633.81(035)
080 ## - УДК
Текстов определител УДК Лекарствени растения
УДК код - определител по УДК 633.88
УДК определител (035)
УДК - код + определител 633.88(035)
080 ## - УДК
Текстов определител УДК Приложна ботаника. Икономическа ботаника. Диворастящи лекарствени растения и др.
УДК код - определител по УДК 581.6
УДК определител (035)
УДК - код + определител 581.6(035)
139 ## - Редно поле
Редна дума Наръчник по основните етеричномаслени и лекарствени култури
Авторски знак Наръ - Н 26
245 10 - Сведения за заглавието
Заглавие Наръчник по основните етеричномаслени и лекарствени култури
Редно поле (дума) под ред. на Васил М. Стайков.
257 ## - Страна на издаване
Страна на създаване/издаване България
260 ## - Област на издателските данни
Име на издателя, разпространителя и проч. Земиздат
Година на издаване 1974
Място на издаване, разпространение и проч. София
300 ## - Физическа характеристика
Страници 268 с.
Илюстрации и др. с ил. и табл.
Размери/Мащаб 21 см
380 ## - Жанр
Жанр Селско стопанство
500 ## - Общи забележки
Забележка 2 600 тир.
650 #4 - Допълнително описание по предмет – тема
Основно описание – тема или топоним Етеричномаслени култури
9 (RLIN) 270578
650 #4 - Допълнително описание по предмет – тема
Основно описание – тема или топоним Медицински растения - наръчници и ръководства
9 (RLIN) 251135
700 1# - Други автори (авторска отговорност)
Лично име Стайков, Васил М.
Автороска отговорност (Описва отношението между автора и произведението) под ред. на
9 (RLIN) 384411
852 ## - Местоположение
Форматна сигнатура Цб 74443
856 4# - Електронен адрес и достъп
Електронен формат pdf - файл
856 4# - Електронен адрес и достъп
Електронен формат pdf - файл
999 ## - СИСТЕМНИ КОНТРОЛНИ НОМЕРА
Koha biblionumber 186517
Koha biblioitemnumber 186517
942 ## - АРТИКУЛИ
Вид на библиотечния материал Книги
Скрит в OPAC Не
Koha issues (borrowed), all copies 5
Периодичен библиозапис Да
944 ## - СЪЗДАВАНЕ И РЕДАКЦИЯ на ЗАПИСА
Създаване/Редакция Създаване
Дата на регистрацията/редакция 09.11.2016
Служител, извършил регистрацията/редакцията 30544
Статус, дата на статуса Цветелина Желева
944 ## - СЪЗДАВАНЕ И РЕДАКЦИЯ на ЗАПИСА
Създаване/Редакция Редакция
Дата на регистрацията/редакция 09.11.2016
Служител, извършил регистрацията/редакцията Нора_Радева
999 ## - СИСТЕМНИ КОНТРОЛНИ НОМЕРА
Koha biblioitemnumber 186517
Наличности
Код за отписване Код за изгубен артикул Източник на класификационната схема Код за повреда Коз за рестрикции Код за отдаване Артикулен № Име на библиотеката - собственик Име на библиотеката, в която се намира в момента Статус (Текущо местоположение) Дата на вписване в системата Местоположение - отдел Цена в лева Инвентарен номер Систематично азбучна сигнатура Баркод Номер на екземпляра Цена в евро Служебна бележка Служебен тип на артикула
  Не е изгубен Universal Decimal Classification Не е повреден без рестрикции ползва се в читалня 324814 Регионална библиотека "Любен Каравелов" Русе Регионална библиотека "Любен Каравелов" Русе Хранилище 1974-01-01 Хранилище 1.18 176642 Цб 74443 120000176642 1 0.60 Вид: Сф Дата: 01.01.1974 Книги
Изтеглен Не е изгубен Universal Decimal Classification Не е повреден без рестрикции заемане за дома 324815 Регионална библиотека "Любен Каравелов" Русе Регионална библиотека "Любен Каравелов" Русе Заемна - подръчен фонд 1974-01-01 Заемна - подръчен фонд 1.18 205894 П 633.8/Н 26 205894 2 0.60 Вид: Сф Дата: 01.01.1974 Дата инв: 09.02.2018 Бележки инв: П2018 Книги
  Не е изгубен Universal Decimal Classification Не е повреден без рестрикции заемане за дома 324816 Регионална библиотека "Любен Каравелов" Русе Регионална библиотека "Любен Каравелов" Русе Заемна - подръчен фонд 1974-01-01 Заемна - подръчен фонд 0.37 205893 П 633.8/Н 26 120000205894 3 0.19 Вид: Сф Дата: 01.01.1974 Книги
Изтеглен Не е изгубен Universal Decimal Classification Не е повреден без рестрикции заемане за дома 324817 Регионална библиотека "Любен Каравелов" Русе Регионална библиотека "Любен Каравелов" Русе Заемна - подръчен фонд 1974-01-01 Заемна - подръчен фонд 1.18 176945 П 633.8/Н 26 176945 4 0.60 Вид: Сф Дата: 01.01.1974 Книги
Изтеглен Не е изгубен Universal Decimal Classification Не е повреден без рестрикции заемане за дома 324818 Регионална библиотека "Любен Каравелов" Русе Регионална библиотека "Любен Каравелов" Русе Заемна - подръчен фонд 1974-01-01 Заемна - подръчен фонд 1.18 176944 П 633.8/Н 26 176944 5 0.60 Вид: Сф Дата: 01.01.1974 Дата инв: 06.02.2018 Бележки инв: П2018 Книги
Vip Innovations Ltd, Rousse, Bulgaria 2025